Happy Birthday / (Record no. 49605)
| 000 -LEADER | |
|---|---|
| fixed length control field | 00711nam a2200121 4500 |
| 020 ## - INTERNATIONAL STANDARD BOOK NUMBER | |
| International Standard Book Number | 9781524790820 |
| 100 ## - MAIN ENTRY--PERSONAL NAME | |
| Personal name | Carle, Eric, |
| Relator term | author. |
| 245 ## - TITLE STATEMENT | |
| Title | Happy Birthday / |
| Remainder of title | from the very hungry caterpillar. |
| Statement of responsibility, etc | by Eric Carle. |
| 260 ## - PUBLICATION, DISTRIBUTION, ETC. (IMPRINT) | |
| Place of publication, distribution, etc | New York: |
| Name of publisher, distributor, etc | Penguin Random House. |
| Date of publication, distribution, etc | 2019. |
| 300 ## - PHYSICAL DESCRIPTION | |
| Extent | 32 pages |
| Dimensions | 5.81 x 0.39 x 7 inches. |
| 500 ## - GENERAL NOTE | |
| General note | Join The Very Hungry Caterpillar for a celebration of everyone's special day. This beautiful book features Eric Carle's bright, colorful artwork of birthday surprises--from presents to balloons, and of course, cake--with The Very Hungry Caterpillar making an appearance alongside each one. This book is the perfect birthday gift for readers young and old. |
| 942 ## - ADDED ENTRY ELEMENTS (KOHA) | |
| Source of classification or shelving scheme | |
| Koha item type | Book |
| Withdrawn status | Lost status | Source of classification or shelving scheme | Damaged status | Not for loan | Home library | Current library | Date acquired | Total Checkouts | Full call number | Barcode | Date last seen | Date checked out | Price effective from | Koha item type |
|---|---|---|---|---|---|---|---|---|---|---|---|---|---|---|
| Logos International School | Logos International School | 10/03/2025 | 2 | E CAR | 041773 | 01/29/2026 | 01/22/2026 | 10/03/2025 | Book |